000 01380nam a2200373Ia 4500
001 9781135177348
003 BD-DhSAU
005 20151012151723.0
006 a|||||s|||||||||||
007 cr||||
008 101014s2010 nyuade s 000 0 eng d
020 _a9780203862087 (e-book : PDF)
040 _aBD-DhSAU
_cBD-DhSAU
043 _ad------
090 _aHN981.C6
_bM375 2010
092 _a307.34416091724
_bM382
100 1 _aMartin, Richard,
_d1939-
245 1 0 _aDevelopment, poverty, and politics
_h[electronic resource] :
_bputting communities in the driver's seat /
_cRichard Martin and Ashna Mathema ; foreword by John F.C. Turner.
260 _aNew York :
_bRoutledge,
_c2010.
300 _a262 p. :
_bill., plans.
490 1 _aRoutledge studies in development and society ;
_v23
530 _aAlso available in print edition.
538 _aMode of access: World Wide Web.
650 0 _aCommunity development, Urban
_zDeveloping countries.
650 0 _aEconomic development
_xCitizen participation.
650 0 _aUrban poor
_zDeveloping countries.
655 7 _aElectronic books.
_2lcsh
700 1 _aMathema, Ashna.
700 1 _aTurner, John F. C.
776 1 _z9780415995627
776 1 _z0415995620
830 0 _aRoutledge studies in development and society ;
_v23.
856 4 0 _uhttp://www.tandfebooks.com/isbn/9780203862087
999 _c13043
_d13042